Designing User Experience

Sparad:
Bibliografiska uppgifter
Huvudupphov: David Benyon
Materialtyp: Bok
Utgiven: Pearson
Ämnen:
UX
Taggar: Lägg till en tagg
Inga taggar, Lägg till första taggen!

MARC

LEADER 00000nam a2200000Ia 4500
005 20260427112641.0
526 |b Immersive Arts 
100 |a David Benyon 
020 |a 9781292155517 
650 |a UX 
526 |a Masters 
942 |c BK 
245 |a Designing User Experience 
260 |b Pearson 
999 |c 10  |d 10 
952 |0 0  |1 0  |4 0  |7 0  |8 4  |a BRISTOL  |b BRISTOL  |d 2026-04-22  |l 0  |p 000133  |r 2026-04-27 11:26:41  |w 2026-04-27  |y BK